[Event "4. Match Rusia vs. China 2007"]
[Site "Nizhniy Novgorod RUS"]
[Date "2007.08.20"]
[Round "1"]
[White "Timofeev, Artyom"]
[Black "Bu Xiangzhi"]
[Result "1/2-1/2"]
[WhiteElo "2650"]
[BlackElo "2685"]
[PlyCount "106"]
[EventDate "2007.08.20"]
[EventType "team"]
[EventRounds "10"]
[EventCountry "RUS"]
[Source "lmi"]
[SourceDate "2007.08.18"]

1. e4 c5 2. Nf3 d6 3. d4 cxd4 4. Nxd4 Nf6 5. Nc3 a6 6. Be3 e5 7. Nf3 Be7 8. Bc4
O-O 9. O-O Nc6 10. a3 Be6 11. Qd3 b5 12. Ba2 Na5 13. Bg5 Nc4 14. Rab1 Rc8 15.
Rfd1 Rc6 16. Bxf6 Bxf6 17. Nd5 Bxd5 18. Qxd5 Qc7 19. Qd3 g6 20. c3 Kg7 21. Qe2
a5 22. Rd5 Rb8 23. Rc1 Be7 24. g3 Qc8 25. Rc2 Qa6 26. h4 h5 27. Nd2 Nxd2 28.
Rdxd2 b4 29. Qxa6 Rxa6 30. cxb4 axb4 31. Rc7 Kf8 32. Bc4 Ra5 33. axb4 Rxb4 34.
b3 f5 35. Re2 Rb8 36. Bd5 fxe4 37. Bxe4 g5 38. Re3 d5 39. Bg6 e4 40. hxg5 Rc5
41. Rxc5 Bxc5 42. Rc3 Bd4 43. Rc7 Rxb3 44. Kg2 Rb2 45. Rf7+ Kg8 46. Rf4 Rd2 47.
Kf1 e3 48. fxe3 Bxe3 49. Rf5 d4 50. Rd5 Rf2+ 51. Ke1 Rf3 52. Bxh5 Rxg3 53. Ke2
Rxg5 1/2-1/2

[Event "4. Match Rusia vs. China 2007"]
[Site "Nizhniy Novgorod RUS"]
[Date "2007.08.20"]
[Round "1"]
[White "Zhao Xue"]
[Black "Kosintseva, Tatiana"]
[Result "1-0"]
[WhiteElo "2500"]
[BlackElo "2502"]
[PlyCount "79"]
[EventDate "2007.08.20"]
[EventType "team"]
[EventRounds "10"]
[EventCountry "RUS"]
[Source "lmi"]
[SourceDate "2007.08.18"]

1. d4 Nf6 2. c4 e6 3. Nf3 b6 4. g3 Ba6 5. b3 Bb4+ 6. Bd2 Be7 7. Bg2 c6 8. Bc3
d5 9. Ne5 Nfd7 10. Nxd7 Nxd7 11. Nd2 O-O 12. O-O f5 13. Rc1 Rc8 14. Bb2 Bd6 15.
a3 Nf6 16. Re1 Qe7 17. b4 Ne4 18. Nxe4 fxe4 19. c5 bxc5 20. dxc5 Bc7 21. f3 Qg5
22. Qb3 exf3 23. exf3 e5 24. a4 Bc4 25. Rxc4 dxc4 26. Qxc4+ Kh8 27. Bc3 Rcd8
28. Qe4 Rd5 29. Bf1 Qd8 30. Kg2 a5 31. Bc4 axb4 32. Bxd5 cxd5 33. Qxb4 d4 34.
Bd2 Qd5 35. Qa3 Rb8 36. Qd3 Qxc5 37. Rc1 Qa7 38. Qf5 Rd8 39. Bg5 Ra8 40. Qd7
1-0

[Event "4. Match Rusia vs. China 2007"]
[Site "Nizhniy Novgorod RUS"]
[Date "2007.08.20"]
[Round "1"]
[White "Wang Yu"]
[Black "Kosintseva, Nadezhda"]
[Result "1/2-1/2"]
[WhiteElo "2384"]
[BlackElo "2475"]
[PlyCount "68"]
[EventDate "2007.08.20"]
[EventType "team"]
[EventRounds "10"]
[EventCountry "RUS"]
[Source "lmi"]
[SourceDate "2007.08.18"]

1. e4 e6 2. d4 d5 3. Nd2 c5 4. exd5 Qxd5 5. Ngf3 cxd4 6. Bc4 Qd6 7. O-O Nf6 8.
Nb3 Nc6 9. Nbxd4 Nxd4 10. Nxd4 a6 11. Bb3 Bd7 12. c3 Qc7 13. Bg5 Bd6 14. Bxf6
gxf6 15. Qh5 Qc5 16. Qf3 Qe5 17. g3 O-O-O 18. Rfe1 Qg5 19. Bc4 Kb8 20. Bf1 Bc5
21. Bg2 Bc8 22. Nb3 Ba7 23. c4 e5 24. c5 Qf5 25. Qc3 Qd3 26. Qb4 Qb5 27. Qxb5
axb5 28. Rac1 Kc7 29. c6 b6 30. Bf1 Rd5 31. Bg2 Rd6 32. Bf1 Rd5 33. Bg2 Rd6 34.
Bf1 Rd5 1/2-1/2

[Event "4. Match Rusia vs. China 2007"]
[Site "Nizhniy Novgorod RUS"]
[Date "2007.08.21"]
[Round "2"]
[White "Bu Xiangzhi"]
[Black "Jakovenko, Dmitrij"]
[Result "1-0"]
[WhiteElo "2685"]
[BlackElo "2735"]
[PlyCount "85"]
[EventDate "2007.08.20"]
[EventType "team"]
[EventRounds "10"]
[EventCountry "RUS"]
[Source "lmi"]
[SourceDate "2007.08.18"]

1. c4 Nf6 2. Nc3 e5 3. Nf3 Nc6 4. d4 exd4 5. Nxd4 Bc5 6. Nxc6 bxc6 7. g3 O-O 8.
Bg2 Rb8 9. O-O Re8 10. Qc2 Bf8 11. b3 g6 12. Bb2 Bg7 13. Rad1 Qe7 14. e4 d6 15.
Rfe1 Bb7 16. f4 Nd7 17. Na4 Bxb2 18. Qxb2 Rbd8 19. Qf2 a6 20. h3 f6 21. Kh2 Nf8
22. Qa7 Bc8 23. c5 Ne6 24. cxd6 cxd6 25. Qxe7 Rxe7 26. Nb6 Bb7 27. Nc4 Red7 28.
f5 Ng7 29. g4 Ne8 30. Rd2 c5 31. Red1 Kg7 32. Kg3 Re7 33. Kf4 Red7 34. h4 gxf5
35. gxf5 Kf8 36. Bf3 Bc6 37. h5 h6 38. Rg1 Rg7 39. Rg6 Rxg6 40. hxg6 Bb5 41.
Ne3 Nc7 42. Ng4 Kg7 43. Nxh6 1-0

[Event "4. Match Rusia vs. China 2007"]
[Site "Nizhniy Novgorod RUS"]
[Date "2007.08.21"]
[Round "2"]
[White "Kosintseva, Nadezhda"]
[Black "Zhao Xue"]
[Result "0-1"]
[WhiteElo "2475"]
[BlackElo "2500"]
[PlyCount "116"]
[EventDate "2007.08.20"]
[EventType "team"]
[EventRounds "10"]
[EventCountry "RUS"]
[Source "lmi"]
[SourceDate "2007.08.18"]

1. e4 e5 2. Nf3 Nc6 3. Bb5 a6 4. Ba4 Nf6 5. O-O Be7 6. d3 d6 7. c3 O-O 8. Re1
Re8 9. Nbd2 Bf8 10. Nf1 b5 11. Bc2 Bb7 12. Ng3 Nb8 13. Nf5 Nbd7 14. h3 d5 15.
Nh2 c5 16. Ng4 Qb6 17. Bg5 Qe6 18. Nxf6+ Nxf6 19. Qf3 Nd7 20. Rad1 Nb6 21. a3
Rac8 22. h4 d4 23. cxd4 cxd4 24. Rc1 b4 25. axb4 Bxb4 26. Red1 h6 27. Bd2 Bxd2
28. Rxd2 Kh7 29. Rf1 Rc5 30. h5 Qf6 31. Qg3 Bc8 32. f4 Bxf5 33. exf5 exf4 34.
Rxf4 Nd5 35. Re4 Rec8 36. Bd1 Ne3 37. Rxe3 dxe3 38. Qxe3 Rxf5 39. Qe4 Kg8 40.
Bf3 Re5 41. Qg4 Rc1+ 42. Kf2 Qe7 43. Qf4 Qd6 44. Qa4 Re7 45. Qg4 Qh2 46. Re2
Qg1+ 47. Kg3 Rxe2 48. Bxe2 Qe3+ 49. Bf3 Qe5+ 50. Qf4 Qxf4+ 51. Kxf4 Rb1 52. d4
Kf8 53. Ke5 Ke7 54. d5 f6+ 55. Kd4 Rxb2 56. Kc5 a5 57. d6+ Kd8 58. Bc6 Rc2+ 0-1

[Event "4. Match Rusia vs. China 2007"]
[Site "Nizhniy Novgorod RUS"]
[Date "2007.08.21"]
[Round "2"]
[White "Ruan, Lufei"]
[Black "Kovalevskaya, Ekaterina"]
[Result "1/2-1/2"]
[WhiteElo "2433"]
[BlackElo "2454"]
[PlyCount "70"]
[EventDate "2007.08.20"]
[EventType "team"]
[EventRounds "10"]
[EventCountry "RUS"]
[Source "lmi"]
[SourceDate "2007.08.18"]

1. e4 e5 2. Nf3 Nc6 3. Bb5 a6 4. Ba4 Nf6 5. O-O Be7 6. Re1 d6 7. c3 Bg4 8. h3
Bh5 9. d3 Nd7 10. Nbd2 Nc5 11. Bc2 Ne6 12. Nf1 Ng5 13. Bxg5 Bxg5 14. Ng3 Bxf3
15. Qxf3 O-O 16. Rad1 g6 17. d4 Qf6 18. Qxf6 Bxf6 19. d5 Nb8 20. a4 a5 21. Nf1
Bg5 22. Ne3 Bxe3 23. Rxe3 Nd7 24. g4 g5 25. Kg2 Kg7 26. h4 h6 27. Rh3 Rh8 28.
Rdh1 Nf6 29. f3 Nd7 30. Kf2 f6 31. h5 Kf7 32. Ra1 Ke7 33. Rhh1 Rhb8 34. Rhb1
Kd8 35. Ke2 Nc5 1/2-1/2

[Event "4. Match Rusia vs. China 2007"]
[Site "Nizhniy Novgorod RUS"]
[Date "2007.08.21"]
[Round "2"]
[White "Huang Qian"]
[Black "Korbut, Ekaterina"]
[Result "1-0"]
[WhiteElo "2410"]
[BlackElo "2445"]
[PlyCount "80"]
[EventDate "2007.08.20"]
[EventType "team"]
[EventRounds "10"]
[EventCountry "RUS"]
[Source "lmi"]
[SourceDate "2007.08.18"]

1. d4 d5 2. c4 dxc4 3. e4 e5 4. Nf3 exd4 5. Bxc4 Nc6 6. O-O Be6 7. Bb5 Bc5 8.
b4 Bb6 9. a4 a6 10. Bxc6+ bxc6 11. a5 Ba7 12. Bb2 Qd6 13. Qc2 Ne7 14. Rd1 Bg4
15. Nbd2 O-O 16. Nc4 Qe6 17. Nce5 f5 18. Nxg4 fxg4 19. Nxd4 Qf7 20. Rd2 Rad8
21. Rad1 Rd6 22. Bc3 c5 23. bxc5 Bxc5 24. Bb2 Ba7 25. Ba3 c5 26. Bxc5 Bxc5 27.
Qxc5 Rf6 28. Qc2 Kh8 29. Qa2 Qh5 30. Ne6 Rh6 31. Nxf8 Qxh2+ 32. Kf1 Qh1+ 33.
Ke2 Qxg2 34. Kd3 Rd6+ 35. Kc3 Qf3+ 36. Rd3 Rc6+ 37. Kb2 Qxf2+ 38. Ka1 Qf6+ 39.
Qb2 Qg5 40. Ng6+ Qxg6 1-0

[Event "4. Match Rusia vs. China 2007"]
[Site "Nizhniy Novgorod RUS"]
[Date "2007.08.22"]
[Round "3"]
[White "Jakovenko, Dmitrij"]
[Black "Ni Hua"]
[Result "1/2-1/2"]
[WhiteElo "2735"]
[BlackElo "2681"]
[PlyCount "63"]
[EventDate "2007.08.20"]
[EventType "team"]
[EventRounds "10"]
[EventCountry "RUS"]
[Source "lmi"]
[SourceDate "2007.08.18"]

1. e4 e5 2. Nf3 Nc6 3. Bb5 Nf6 4. O-O Nxe4 5. d4 Nd6 6. Bxc6 dxc6 7. dxe5 Nf5
8. Qxd8+ Kxd8 9. Nc3 Ne7 10. h3 h6 11. Be3 Ng6 12. Rad1+ Ke8 13. a3 Be7 14.
Rfe1 Nh4 15. Nd4 Nf5 16. f4 h5 17. e6 Nxd4 18. Bxd4 Bxe6 19. Bxg7 Rg8 20. Be5
Rc8 21. Kh2 Rg6 22. Ne2 f6 23. Bc3 Kf7 24. Nd4 Bd5 25. g3 Bc5 26. Bb4 Bxd4 27.
Rxd4 Be6 28. f5 Bxf5 29. Re7+ Kg8 30. c4 Rg7 31. Rxg7+ Kxg7 32. Rf4 1/2-1/2

[Event "4. Match Rusia vs. China 2007"]
[Site "Nizhniy Novgorod RUS"]
[Date "2007.08.22"]
[Round "3"]
[White "Timofeev, Artyom"]
[Black "Zhang Pengxiang"]
[Result "0-1"]
[WhiteElo "2650"]
[BlackElo "2649"]
[PlyCount "100"]
[EventDate "2007.08.20"]
[EventType "team"]
[EventRounds "10"]
[EventCountry "RUS"]
[Source "lmi"]
[SourceDate "2007.08.18"]

1. e4 e5 2. Nf3 Nc6 3. Bb5 a6 4. Ba4 Nf6 5. O-O Be7 6. Re1 b5 7. Bb3 d6 8. c3
O-O 9. h3 Na5 10. Bc2 c5 11. d3 Nc6 12. Nbd2 Re8 13. Nf1 Bf8 14. Bg5 h6 15. Bh4
g5 16. Bg3 Bg7 17. Ne3 Be6 18. Nh2 d5 19. Qf3 d4 20. Nf5 Bxf5 21. Qxf5 Qc8 22.
Qf3 dxc3 23. bxc3 b4 24. Bb3 h5 25. Nf1 bxc3 26. Ne3 Nd4 27. Qd1 h4 28. Bh2 g4
29. hxg4 Bh6 30. Nf5 Nxf5 31. exf5 Qc7 32. Rc1 Bd2 33. Re2 Qd8 34. Rxd2 cxd2
35. Rc2 e4 36. Rxd2 exd3 37. g5 Qe7 38. Bf4 Qe1+ 39. Qxe1 Rxe1+ 40. Kh2 Ne4 41.
g6 Rf8 42. Rb2 Re2 43. Rb1 Kg7 44. Bxf7 Rxf7 45. gxf7 Kxf7 46. Kh3 Rxf2 47.
Rb7+ Ke8 48. Kg4 Rxf4+ 49. Kxf4 d2 50. Rb1 Nc3 0-1

[Event "4. Match Rusia vs. China 2007"]
[Site "Nizhniy Novgorod RUS"]
[Date "2007.08.22"]
[Round "3"]
[White "Bu Xiangzhi"]
[Black "Alekseev, Evgeny"]
[Result "1/2-1/2"]
[WhiteElo "2685"]
[BlackElo "2689"]
[PlyCount "120"]
[EventDate "2007.08.20"]
[EventType "team"]
[EventRounds "10"]
[EventCountry "RUS"]
[Source "lmi"]
[SourceDate "2007.08.18"]

1. Nf3 c5 2. c4 Nc6 3. d4 cxd4 4. Nxd4 e6 5. Nb5 d6 6. Bf4 e5 7. Bg3 Nf6 8. Bh4
a6 9. N5c3 Be7 10. e3 Be6 11. Be2 O-O 12. O-O Rc8 13. Nd2 h6 14. Bxf6 gxf6 15.
Kh1 f5 16. f4 Bf6 17. g4 exf4 18. gxf5 Bxf5 19. Bg4 Be6 20. exf4 Bxc3 21. Bxe6
fxe6 22. bxc3 Qh4 23. Qe2 Kh8 24. Ne4 Rcd8 25. Rf3 Rxf4 26. Rxf4 Qxf4 27. Rf1
Qh4 28. Nf6 Rf8 29. Qxe6 Qg5 30. Qxd6 Qg7 31. c5 Qe7 32. Qxe7 Nxe7 33. Kg2 Ng6
34. Ne4 Nh4+ 35. Kg1 Re8 36. Nd6 Re2 37. Rf8+ Kg7 38. Rf4 Ng6 39. Rf2 Re1+ 40.
Kg2 Ne5 41. Nxb7 Re3 42. c4 Rc3 43. Re2 Nxc4 44. c6 Na3 45. Nd8 Nb5 46. Rd2 Rc4
47. Rf2 Kg6 48. Kg3 Nd4 49. Rb2 Nb5 50. Re2 Nd4 51. Re5 Kf6 52. Re8 a5 53. Kf2
Kf5 54. Rf8+ Ke4 55. Rf6 Rc2+ 56. Kg3 h5 57. Kh4 Rxh2+ 58. Kg5 Rc2 59. Kxh5 Kd5
60. a4 Nxc6 1/2-1/2

[Event "4. Match Rusia vs. China 2007"]
[Site "Nizhniy Novgorod RUS"]
[Date "2007.08.22"]
[Round "3"]
[White "Zhao Xue"]
[Black "Kovalevskaya, Ekaterina"]
[Result "1-0"]
[WhiteElo "2500"]
[BlackElo "2454"]
[PlyCount "91"]
[EventDate "2007.08.20"]
[EventType "team"]
[EventRounds "10"]
[EventCountry "RUS"]
[Source "lmi"]
[SourceDate "2007.08.18"]

1. d4 Nf6 2. c4 e6 3. Nf3 b6 4. g3 Ba6 5. b3 Bb7 6. Bg2 Bb4+ 7. Bd2 c5 8. Nc3
O-O 9. a3 cxd4 10. axb4 dxc3 11. Bxc3 d5 12. O-O dxc4 13. bxc4 Qxd1 14. Rfxd1
Nbd7 15. Ne5 Bxg2 16. Nxd7 Nxd7 17. Rxd7 Bc6 18. Rc7 Rac8 19. Raxa7 b5 20. c5
Rfd8 21. f3 Be8 22. g4 Rxc7 23. Rxc7 h6 24. Kf2 f6 25. f4 Kf8 26. h4 Rd7 27.
Rc8 Ke7 28. g5 hxg5 29. hxg5 e5 30. gxf6+ gxf6 31. fxe5 fxe5 32. Bxe5 Rd2 33.
c6 Rc2 34. c7 Rc4 35. Bf6+ Kf7 36. Be5 Bd7 37. Rh8 Ke6 38. Bg3 Kf7 39. Bd6 Rc6
40. Bf4 Rc4 41. Kf3 Bc6+ 42. Kg3 Bd7 43. e3 Ke6 44. Kh4 Kf5 45. Rh6 Be6 46.
Rh5+ 1-0

[Event "4. Match Rusia vs. China 2007"]
[Site "Nizhniy Novgorod RUS"]
[Date "2007.08.22"]
[Round "3"]
[White "Kosintseva, Tatiana"]
[Black "Ruan, Lufei"]
[Result "1/2-1/2"]
[WhiteElo "2502"]
[BlackElo "2433"]
[PlyCount "94"]
[EventDate "2007.08.20"]
[EventType "team"]
[EventRounds "10"]
[EventCountry "RUS"]
[Source "lmi"]
[SourceDate "2007.08.18"]

1. e4 e5 2. Nf3 Nc6 3. Bb5 a6 4. Ba4 Nf6 5. O-O Be7 6. d3 b5 7. Bb3 d6 8. a4
Bg4 9. c3 O-O 10. h3 Bd7 11. Bc2 Re8 12. Re1 Bf8 13. Nbd2 d5 14. axb5 axb5 15.
Rxa8 Qxa8 16. Bb3 Be6 17. Ng5 Na5 18. Nxe6 fxe6 19. Nf3 Nxb3 20. Qxb3 Bd6 21.
Bg5 c6 22. Bxf6 gxf6 23. d4 Qa4 24. Qxa4 bxa4 25. dxe5 fxe5 26. Ra1 Rb8 27.
Rxa4 Rxb2 28. Ng5 d4 29. c4 Rb1+ 30. Kh2 d3 31. Nf3 Bb4 32. Ra8+ Kg7 33. Ra7+
Kf6 34. Rb7 c5 35. g4 h6 36. h4 Rd1 37. Kg3 Bd2 38. Nxd2 Rxd2 39. Rd7 Rc2 40.
Rxd3 Rxc4 41. f3 Rc2 42. Rd7 c4 43. Rc7 c3 44. Kh3 Kg6 45. Kg3 Kf6 46. Kh3 Kg6
47. Kg3 Kf6 1/2-1/2

[Event "4. Match Rusia vs. China 2007"]
[Site "Nizhniy Novgorod RUS"]
[Date "2007.08.22"]
[Round "3"]
[White "Wang Yu"]
[Black "Korbut, Ekaterina"]
[Result "1/2-1/2"]
[WhiteElo "2384"]
[BlackElo "2445"]
[PlyCount "83"]
[EventDate "2007.08.20"]
[EventType "team"]
[EventRounds "10"]
[EventCountry "RUS"]
[Source "lmi"]
[SourceDate "2007.08.18"]

1. e4 c5 2. Nf3 d6 3. d4 cxd4 4. Nxd4 Nf6 5. Nc3 a6 6. Be3 Ng4 7. Bg5 h6 8. Bh4
g5 9. Bg3 Bg7 10. h3 Nf6 11. Bc4 b5 12. Bb3 b4 13. Nd5 Nxe4 14. Qf3 Bxd4 15.
Qxe4 Bxb2 16. Rb1 Bg7 17. O-O Ra7 18. f4 Be6 19. Bf2 Rd7 20. f5 Bxd5 21. Bxd5
a5 22. a3 O-O 23. axb4 axb4 24. Qxb4 Rc7 25. Bb6 Nd7 26. Bxc7 Qxc7 27. Qc4 Qxc4
28. Bxc4 Rc8 29. Bd3 Bd4+ 30. Kh2 Rc7 31. g3 Kg7 32. Rb4 Be5 33. Kg2 Nf6 34.
Rfb1 Nh5 35. Rb7 Rxb7 36. Rxb7 Kf6 37. g4 Nf4+ 38. Kf3 Nxh3 39. Rb8 Nf4 40. Rh8
Kg7 41. Re8 Kf6 42. Rh8 1/2-1/2

[Event "4. Match Rusia vs. China 2007"]
[Site "Nizhniy Novgorod RUS"]
[Date "2007.08.23"]
[Round "4"]
[White "Inarkiev, Ernesto"]
[Black "Bu Xiangzhi"]
[Result "1-0"]
[WhiteElo "2663"]
[BlackElo "2685"]
[PlyCount "115"]
[EventDate "2007.08.20"]
[EventType "team"]
[EventRounds "10"]
[EventCountry "RUS"]
[Source "lmi"]
[SourceDate "2007.08.18"]

1. e4 e5 2. Nf3 Nf6 3. d4 exd4 4. e5 Ne4 5. Qxd4 d5 6. exd6 Nxd6 7. Nc3 Nc6 8.
Qf4 Nf5 9. Bd3 Bd6 10. Qe4+ Nfe7 11. Qe2 O-O 12. Bg5 h6 13. Bh4 Qe8 14. Bg3 Nf5
15. Bxf5 Bxg3 16. Bxc8 Qxc8 17. hxg3 Re8 18. Ne4 f5 19. Rh4 Qe6 20. Nfd2 g5 21.
Rh1 Nd4 22. Qd3 Rad8 23. f3 fxe4 24. fxe4 Qg4 25. a4 Rd6 26. Ra3 Red8 27. Rf1
Ne6 28. Qf3 Qxf3 29. Nxf3 g4 30. Nh4 Rd1+ 31. Ke2 R1d2+ 32. Ke3 Rxc2 33. Rf6
Nc5 34. b4 Na6 35. Nf5 Nxb4 36. Kf4 Re8 37. Nxh6+ Kg7 38. Kg5 Rxe4 39. Ra1 Rc5+
40. Nf5+ Rxf5+ 41. Rxf5 Nc6 42. Rf4 Re2 43. Rb1 Nd8 44. Kxg4 Ne6 45. Rff1 Ra2
46. Rxb7 Rxa4+ 47. Kf5 Nd4+ 48. Ke5 Nc6+ 49. Kd5 Ne7+ 50. Kc5 Kg6 51. Rxc7 Nf5
52. Kb5 Rd4 53. Rc6+ Rd6 54. Rxd6+ Nxd6+ 55. Kc5 Ne4+ 56. Kd4 Nxg3 57. Ra1 Nf5+
58. Ke4 1-0

[Event "4. Match Rusia vs. China 2007"]
[Site "Nizhniy Novgorod RUS"]
[Date "2007.08.23"]
[Round "4"]
[White "Zhang Pengxiang"]
[Black "Jakovenko, Dmitrij"]
[Result "1/2-1/2"]
[WhiteElo "2649"]
[BlackElo "2735"]
[PlyCount "147"]
[EventDate "2007.08.20"]
[EventType "team"]
[EventRounds "10"]
[EventCountry "RUS"]
[Source "lmi"]
[SourceDate "2007.08.18"]

1. e4 c5 2. Nf3 d6 3. d4 cxd4 4. Qxd4 Nc6 5. Bb5 Bd7 6. Bxc6 Bxc6 7. Nc3 Nf6 8.
Bg5 e6 9. O-O-O Be7 10. Kb1 h6 11. Bh4 O-O 12. Rhe1 Re8 13. h3 a6 14. Bg3 d5
15. Ne5 Qa5 16. exd5 exd5 17. Bh4 Qc7 18. f3 Rad8 19. Ng4 Nxg4 20. Bxe7 Rxe7
21. Rxe7 Qxe7 22. hxg4 f6 23. a3 Qe5 24. a4 Qh2 25. Rd2 a5 26. Qb6 Rd7 27. Qxa5
d4 28. Nd1 Qg1 29. Qc5 Qf1 30. b3 Rd5 31. Qe7 Kh7 32. Qe4+ Kh8 33. Kb2 Rd8 34.
Qd3 Qe1 35. Qe2 Qg1 36. Qf2 Qh2 37. Ne3 Bxa4 38. bxa4 Qd6 39. Nd1 Qb4+ 40. Kc1
b5 41. a5 Qxa5 42. Rd3 Qa2 43. Rb3 Rc8 44. Rb2 Qa1+ 45. Kd2 d3 46. Qb6 dxc2 47.
Rxc2 Rxc2+ 48. Kxc2 Qa4+ 49. Kd2 Qa2+ 50. Ke1 Qxg2 51. Qd8+ Kh7 52. Qd3+ Kh8
53. Nf2 b4 54. Ke2 Qh2 55. Qb5 Qd6 56. Qc4 Qb8 57. Qb3 Qe5+ 58. Ne4 Qh2+ 59.
Kd3 h5 60. gxh5 Qxh5 61. Kc4 f5 62. Nd6 Qh4+ 63. Kd5 g6 64. Qb2+ Kh7 65. Nf7
Kg8 66. Ne5 Qd8+ 67. Kc4 Qd6 68. Qa1 g5 69. Qa8+ Kg7 70. Qe8 Kf6 71. Nd7+ Kg7
72. Ne5 Kf6 73. Qh8+ Ke6 74. Qe8+ 1/2-1/2

[Event "4. Match Rusia vs. China 2007"]
[Site "Nizhniy Novgorod RUS"]
[Date "2007.08.23"]
[Round "4"]
[White "Kosintseva, Tatiana"]
[Black "Huang Qian"]
[Result "1-0"]
[WhiteElo "2502"]
[BlackElo "2410"]
[PlyCount "89"]
[EventDate "2007.08.20"]
[EventType "team"]
[EventRounds "10"]
[EventCountry "RUS"]
[Source "lmi"]
[SourceDate "2007.08.18"]

1. e4 c5 2. Nf3 d6 3. d4 cxd4 4. Nxd4 Nf6 5. Nc3 a6 6. Be3 e5 7. Nb3 Be6 8. Qd2
Be7 9. f4 exf4 10. Bxf4 Nc6 11. O-O-O Ne5 12. Kb1 O-O 13. h3 b5 14. g4 Qc7 15.
Nd5 Bxd5 16. exd5 Nc4 17. Qg2 Nd7 18. g5 Rfe8 19. h4 Bf8 20. h5 Nc5 21. Qf3 Na4
22. Bc1 Rac8 23. Nd4 Ne5 24. Qg3 Qc5 25. Bg2 Qb4 26. Nc6 Qg4 27. Qxg4 Nxg4 28.
Rde1 Ne5 29. Bf4 Nc4 30. Bh3 Ra8 31. g6 fxg6 32. Be6+ Kh8 33. hxg6 h6 34. b3
Nc3+ 35. Ka1 Nb6 36. Be3 Nbxd5 37. Bd4 Rxe6 38. Rxe6 Rc8 39. Rf1 Kg8 40. Kb2 b4
41. Nxb4 Nb5 42. Nxd5 Nxd4 43. Ne7+ Bxe7 44. Rxe7 Nc6 45. Rd7 1-0

[Event "4. Match Rusia vs. China 2007"]
[Site "Nizhniy Novgorod RUS"]
[Date "2007.08.23"]
[Round "4"]
[White "Ruan, Lufei"]
[Black "Kosintseva, Nadezhda"]
[Result "1-0"]
[WhiteElo "2433"]
[BlackElo "2475"]
[PlyCount "103"]
[EventDate "2007.08.20"]
[EventType "team"]
[EventRounds "10"]
[EventCountry "RUS"]
[Source "lmi"]
[SourceDate "2007.08.18"]

1. e4 e5 2. Nf3 Nc6 3. d4 exd4 4. Nxd4 Nf6 5. Nxc6 bxc6 6. e5 Qe7 7. Qe2 Nd5 8.
c4 Ba6 9. b3 O-O-O 10. g3 g5 11. Bb2 Bg7 12. Bg2 Rde8 13. O-O Bxe5 14. Qxe5
Qxe5 15. Bxe5 Rxe5 16. cxd5 Bxf1 17. Kxf1 cxd5 18. Nc3 c6 19. Rc1 Kd8 20. Bf3
h5 21. Be2 Ke7 22. Bd3 f5 23. Ne2 h4 24. Rc5 hxg3 25. hxg3 Kf6 26. Ra5 Ra8 27.
b4 Ree8 28. Nd4 f4 29. g4 Reb8 30. a3 Ke5 31. Nf3+ Kf6 32. Rc5 Rb6 33. Ke2 d6
34. Ra5 Re8+ 35. Kd2 Re7 36. Kc3 Reb7 37. Kd4 Rc7 38. Ng1 Rb8 39. Ne2 Re8 40.
Nc3 Re5 41. Bf5 Ke7 42. Ra6 Kf6 43. Nb5 Rce7 44. Rxc6 Re2 45. Nxd6 Kg7 46. Bd3
Rxf2 47. Nf5+ Kf7 48. Nxe7 Kxe7 49. Rg6 Ra2 50. Rxg5 Rxa3 51. Rxd5 Ke8 52. Ke4
1-0

[Event "4. Match Rusia vs. China 2007"]
[Site "Nizhniy Novgorod RUS"]
[Date "2007.08.23"]
[Round "4"]
[White "Kovalevskaya, Ekaterina"]
[Black "Wang Yu"]
[Result "1-0"]
[WhiteElo "2454"]
[BlackElo "2384"]
[PlyCount "141"]
[EventDate "2007.08.20"]
[EventType "team"]
[EventRounds "10"]
[EventCountry "RUS"]
[Source "lmi"]
[SourceDate "2007.08.18"]

1. e4 e5 2. Nf3 Nc6 3. Bb5 a6 4. Ba4 Nf6 5. O-O Be7 6. d3 b5 7. Bb3 O-O 8. a4
b4 9. Nbd2 d6 10. a5 Be6 11. Nc4 Qc8 12. Bg5 Rb8 13. Ba4 Bxc4 14. Bxc6 Be6 15.
d4 h6 16. Bxf6 Bxf6 17. dxe5 dxe5 18. Qe2 Rd8 19. Rfd1 Rd6 20. Ba4 Rxd1+ 21.
Rxd1 c5 22. Rd6 c4 23. h3 Qb7 24. Rb6 Qc8 25. Qd2 Rxb6 26. axb6 Qb7 27. Qxb4
Bd8 28. Nxe5 Bxb6 29. Nc6 Qc7 30. Ne7+ Kh7 31. Nd5 Bxd5 32. exd5 Bc5 33. Qd2
Qe5 34. c3 g6 35. Bd1 Bd6 36. g3 Kg7 37. Bf3 a5 38. Qe2 Qf5 39. Kg2 Qd3 40.
Qxd3 cxd3 41. Be4 d2 42. Bc2 g5 43. Kf3 Bc5 44. Ke2 Kf6 45. f4 Bd6 46. Ke3
gxf4+ 47. gxf4 Ke7 48. Bd1 f6 49. b3 Kd8 50. Ke4 Ke7 51. Kf5 Bc7 52. h4 Bb8 53.
h5 Bd6 54. Bc2 Kf7 55. Ke4 Ke7 56. Bd1 Kd8 57. Bg4 Ke7 58. Bd1 Kd8 59. Be2 Ke7
60. Bg4 Kd8 61. Bf3 Ke7 62. Kd4 Bxf4 63. c4 Kd7 64. c5 Bh2 65. Kc4 Bg1 66. Kb5
Be3 67. Bg4+ Kd8 68. Kc6 f5 69. Bf3 f4 70. d6 Bf2 71. Kd5 1-0

[Event "4. Match Rusia vs. China 2007"]
[Site "Nizhniy Novgorod RUS"]
[Date "2007.08.24"]
[Round "5"]
[White "Tomashevsky, Evgeny"]
[Black "Bu Xiangzhi"]
[Result "1/2-1/2"]
[WhiteElo "2654"]
[BlackElo "2685"]
[PlyCount "108"]
[EventDate "2007.08.20"]
[EventType "team"]
[EventRounds "10"]
[EventCountry "RUS"]
[Source "lmi"]
[SourceDate "2007.08.18"]

1. c4 g6 2. Nc3 Nf6 3. d4 d5 4. Nf3 Bg7 5. e3 O-O 6. b4 c6 7. Bb2 Bf5 8. Be2
dxc4 9. Bxc4 b5 10. Bb3 a5 11. bxa5 Qxa5 12. O-O Nbd7 13. Qe2 b4 14. Nb1 Ne4
15. Nh4 c5 16. Nxf5 gxf5 17. Nd2 Nc3 18. Qd3 cxd4 19. exd4 Nb6 20. Nf3 Qb5 21.
Rfd1 Nba4 22. Bxc3 Qxd3 23. Rxd3 Nxc3 24. Kf1 Rfd8 25. Rd2 e6 26. Re1 Ra5 27.
g3 h5 28. h4 Bf6 29. Kg2 Kg7 30. Re3 Rda8 31. Ne5 Ne4 32. Rc2 Bxe5 33. dxe5 Nc3
34. Rd2 Nxa2 35. Rd7 Kg6 36. Rb7 Ra3 37. Kf3 Rc8 38. Kg2 Rc3 39. Rxc3 bxc3 40.
Bxa2 Rxa2 41. Rc7 c2 42. Kf3 f6 43. exf6 Kxf6 44. Ke3 Ke5 45. f4+ Kd6 46. Rc8
Rb2 47. Rc4 e5 48. fxe5+ Kxe5 49. Rc8 Kd5 50. Rc7 Kd6 51. Rc8 Ra2 52. Rc4 Ra3+
53. Kf2 Ra2 54. Ke3 Ra3+ 1/2-1/2

[Event "4. Match Rusia vs. China 2007"]
[Site "Nizhniy Novgorod RUS"]
[Date "2007.08.24"]
[Round "5"]
[White "Wang Yu"]
[Black "Kosintseva, Tatiana"]
[Result "1/2-1/2"]
[WhiteElo "2384"]
[BlackElo "2502"]
[PlyCount "77"]
[EventDate "2007.08.20"]
[EventType "team"]
[EventRounds "10"]
[EventCountry "RUS"]
[Source "lmi"]
[SourceDate "2007.08.18"]

1. e4 c5 2. Nf3 d6 3. d4 cxd4 4. Nxd4 Nf6 5. Nc3 Nc6 6. Bc4 Qb6 7. Nxc6 bxc6 8.
O-O g6 9. Qe1 Qc5 10. b3 Bg7 11. Bb2 O-O 12. Na4 Qh5 13. f3 Nd7 14. Bxg7 Kxg7
15. f4 Nf6 16. Be2 Bg4 17. Bxg4 Qxg4 18. Qc3 Kg8 19. Rae1 Rac8 20. Qe3 Qd7 21.
c4 c5 22. Nc3 e6 23. Rd1 Ne8 24. e5 Qc6 25. Nb5 Rd8 26. Nxa7 Qb6 27. Nb5 d5 28.
Qf2 Ng7 29. b4 dxc4 30. Qxc5 Qxc5+ 31. bxc5 Rc8 32. Nd6 Rxc5 33. Rc1 Ra8 34.
Rf2 c3 35. Rfc2 Nf5 36. Rxc3 Rxc3 37. Rxc3 Rxa2 38. Rc8+ Kg7 39. Nxf5+ 1/2-1/2